000
00274cam a2200109ua 4500
082
_a
822
_b
SHA/WI
100
_a
Shakespeare, William.
_9
1841
245
_a
William Shakespeare : The Complete Works /
260
_a
London :
_b
Collins ,
_c
1962.
300
_a
1376 ; .
942
_c
BK
999
_c
6049
_d
6049